Statistics for Самые Бедные Страны с Исключениями

Click here to take the quiz!

General Stats

  • This quiz has been taken 465 times
    (426 since last reset)
  • The average score is 6 of 15

Answer Stats

ВВП на душу населенияСтрана% Correct
$2456Афганистан
62%
$4192Сирия
61%
$1700Северная Корея
60%
$6836Пакистан
48%
$2042Йемен
44%
$5293Таджикистан
41%
$7601Никарагуа
39%
$5101Непал
37%
$8028Венесуэла
37%
$6250Киргизия
36%
$3248Гаити
32%
$5132Мьянма
29%
$6092Камбоджа
29%
$7228Гондурас
25%
$3637Восточный Тимор
21%

Score Distribution

Percentile by Number Answered

Percent of People with Each Score

Your Score History

You have not taken this quiz since the last reset